| 000 | 00895nam a2200241 a 4500 | ||
|---|---|---|---|
| 001 | BRCA_2181 | ||
| 005 | 20190320203714.0 | ||
| 008 | 020402s2000 sp-a---##b---#001-0dspa-# | ||
| 020 | _a8477826122 | ||
| 040 |
_aDLC _cDLC _dDLC |
||
| 050 | 4 |
_aF2161 _b.A63 2000 |
|
| 100 | 1 |
_aApestegui Cardenal, Cruz _96581 |
|
| 245 | 1 | 0 |
_aLos ladrones del mar _bpiratas en el Caribe : corsarios, filibusteros y bucaneros : 1493-1700 _cCruz Apestegui. |
| 260 |
_aBarcelona _bLunwerg _c2000 |
||
| 300 |
_a233 p. _bil. a color, mapas _c34 cm. |
||
| 500 | _aIncluye índice onomástico, índice toponímico, índice de barcos y créditos fotográficos | ||
| 504 | _aBibliografía : p. 226 | ||
| 650 | 1 | 4 |
_aPiratas _xHistoria _zÁrea Caribeña _96582 |
| 650 | 1 | 4 |
_aBucaneros _96583 |
| 650 | 1 | 4 |
_aFilibusteros _xHistoria _zÁrea Caribeña _96584 |
| 651 | 4 |
_aÁrea Caribeña _xHistoria _yHasta 1810 _96585 |
|
| 942 |
_2lcc _cB |
||
| 999 |
_c1937 _d1937 |
||